| 000 | 00363nam a2200145Ia 4500 | ||
|---|---|---|---|
| 008 | 151213s9999 xx 000 0 und d | ||
| 100 | _aW.H.Auden | ||
| 245 |
_aLook Stranger _cW.H.Auden |
||
| 260 |
_aLondon _bFaber and Faber Limited. |
||
| 300 | _a8863 p. | ||
| 650 | _aEnglish Literature | ||
| 650 | _aEnglish Literature | ||
| 700 | _aW.H.Auden | ||
| 999 |
_c4648 _d4648 |
||